| 000 | 00514nam a2200169Ia 4500 | ||
|---|---|---|---|
| 008 | 230917s9999||||xx |||||||||||||| ||und|| | ||
| 020 | _cGBP120 | ||
| 040 |
_e258228 _aMAIN |
||
| 041 | _aEnglish | ||
| 082 | _a001.42 B841S | ||
| 100 | _aBryant, Antony, ed. | ||
| 245 | 0 | _aSage handbook of current developments in grounded theory | |
| 260 |
_aLondon _bSage Publications _c2019 |
||
| 300 | _axxxiii, 679 p. | ||
| 500 | _a3659 10/10/2019 RK19/1931 10/10/2019 Ch. Ranbir Singh Institute of Social and | ||
| 942 | _cBK | ||
| 999 |
_c33162 _d33162 |
||